00349 a2200145 4500003000400000005001700004008004100021020001800062040000900080082002000089100001900109245002600128260003900154300001000193OSt20231107104031.0231107b |||||||| |||| 00| 0 eng d a9789355492555 coclc a894.8129bKAR/U aKarassery, M N aUMMA /cM N Karasseri aKerala:bMathrubhumi books,c2022. a112 p